[Event "33rd Taminco Open"]
[Site "Ghent BEL"]
[Date "2010.07.19"]
[Round "5"]
[White "Van der Stricht,G"]
[Black "Stuemer,P"]
[Result "1-0"]
[WhiteElo "2393"]
[BlackElo "2121"]

1.d4 Nf6 2.c4 g6 3.Nc3 Bg7 4.e4 O-O 5.Be2 d6 6.Nf3 e5 7.O-O exd4 8.Nxd4 Re8
9.f3 Nc6 10.Nc2 Nh5 11.Nd5 f5 12.Rb1 fxe4 13.fxe4 Rxe4 14.Bxh5 gxh5 15.Qf3 Rg4
16.Qf7+ Kh8 17.b3 Nd4 18.Nxd4 Bxd4+ 19.Be3 Be5 20.Qf8+ Qxf8 21.Rxf8+ Rg8
22.Rxg8+ Kxg8 23.Nxc7 Bf5 24.Rf1 Rf8 25.Bxa7 Be4 26.Re1 Bd3 27.g3 Rf7 28.Nb5 h4
29.Bd4 h3 30.Bxe5 dxe5 31.Nc3 Rf6 32.Ne4 Ra6 33.Nc5 Rd6 34.Rd1  1-0

[Event "Corporation Centre Cup"]
[Site "Izhevsk RUS"]
[Date "2010.07.19"]
[Round "5"]
[White "Smirnov,Alexey"]
[Black "Fedorov,Alex"]
[Result "0-1"]
[WhiteElo "2403"]
[BlackElo "2616"]

1.d4 Nf6 2.Nf3 g6 3.c4 Bg7 4.Nc3 d6 5.e4 O-O 6.Be2 Nbd7 7.O-O e5 8.Re1 Re8
9.d5 a5 10.Qc2 Nc5 11.Be3 Ng4 12.Bxc5 dxc5 13.Rad1 f5 14.Nd2 Nh6 15.Nb3 b6
16.Nb5 a4 17.Nc1 Nf7 18.exf5 Bxf5 19.Bd3 e4 20.Bxe4 Rxe4 21.Rxe4 a3 22.Nxa3 Nd6
23.f3 Bd4+ 24.Kh1 Bxe4 25.fxe4 Qh4 26.Nb5 Nxe4 27.Nxd4 Nf2+ 28.Kg1 Nxd1 29.Nf3 Ne3
30.Qd3 Qe7 31.b3 Re8 32.h3 Nf5 33.Kf2 Nd4 34.Qd2 Nxf3 35.gxf3 Qh4+ 36.Kg2 Re5
37.f4 Qe1 38.Qf2 Re4 39.Nd3 Qd1  0-1

[Event "Open A"]
[Site "Oberwart AUT"]
[Date "2010.07.19"]
[Round "7"]
[White "Heiny,M"]
[Black "Seifert,Mi"]
[Result "1/2-1/2"]
[WhiteElo "2053"]
[BlackElo "2172"]

1.d4 g6 2.c4 Bg7 3.Nc3 d6 4.e4 Nf6 5.Nf3 O-O 6.Be2 Nbd7 7.O-O e5 8.Re1 c6
9.Bf1 Nh5 10.d5 c5 11.Rb1 a6 12.a3 h6 13.Bd2 Qe8 14.b4  1/2-1/2

[Event "Open A"]
[Site "Oberwart AUT"]
[Date "2010.07.19"]
[Round "7"]
[White "Menezes,C"]
[Black "Veszpremi,A"]
[Result "0-1"]
[WhiteElo "1947"]
[BlackElo "2272"]

1.d4 Nf6 2.c4 g6 3.Nc3 Bg7 4.e4 d6 5.Nf3 O-O 6.Be2 e5 7.O-O exd4 8.Nxd4 Nc6
9.Nxc6 bxc6 10.Be3 Re8 11.f3 c5 12.Qd2 Bd7 13.Rfe1 Bc6 14.Rad1 Qc8 15.Nd5 Nxd5
16.cxd5 Bd7 17.Bc4 Rb8 18.b3 Bb5 19.Bxb5 Rxb5 20.Bh6 Bd4+ 21.Kh1 Qa6 22.f4 Qa5
23.Qd3 Rbb8 24.Qh3 Bg7 25.Bxg7 Kxg7 26.e5 Qxa2 27.Qd7 Qxb3 28.e6 Rf8 29.f5 gxf5
30.e7 Rfe8 31.Qxf5 Qc3 32.Re4 Kh8 33.Rh4 Qg7 34.Re1 Rxe7 35.Rxh7+ Qxh7 36.Qf6+ Qg7
37.Qxe7 f6 38.Qe4 Qh7 39.Qa4 Qg6 40.Qxa7 Rb1 41.Qa8+ Kg7 42.Rg1 Rxg1+ 43.Kxg1 Qb1+
44.Kf2 Qb2+ 45.Kg1 Qd4+ 46.Kf1 c4 47.Qd8 Qxd5 48.Qxc7+ Kg6 49.Qe7 Qf5+ 50.Kg1 Qe5  0-1

[Event "Open"]
[Site "Antakya TUR"]
[Date "2010.07.20"]
[Round "9"]
[White "Namir,M"]
[Black "Guliev,L"]
[Result "1/2-1/2"]
[WhiteElo "2182"]
[BlackElo "2437"]

1.c4 Nf6 2.Nc3 g6 3.Nf3 Bg7 4.d4 O-O 5.e4 d6 6.Be2 e5 7.dxe5 dxe5 8.Qxd8 Rxd8
9.Bg5 Nbd7 10.O-O-O Rf8 11.Nd5 c6 12.Ne7+ Kh8 13.Nxc8 Raxc8 14.Be3 Rfe8 15.h4 Rcd8
16.Nd2 h6 17.g4 Nh7 18.c5 Bf8 19.Nb3 Be7 20.h5 g5 21.Bc4 Kg7 22.Rd2 Ndf6
23.Rxd8 Rxd8 24.f3 Nf8 25.Na5 Rb8 26.Rd1 N6d7 27.b4 Bd8 28.Kc2 Bc7 29.Bb3 Kf6
30.Nc4 Rd8 31.Nd6 Bxd6 32.Rxd6+  1/2-1/2

[Event "Sparkassen Open A"]
[Site "Dortmund GER"]
[Date "2010.07.20"]
[Round "4"]
[White "Sundorf,Jannik"]
[Black "Franke,T"]
[Result "1-0"]
[WhiteElo "2070"]
[BlackElo "2198"]

1.d4 Nf6 2.c4 g6 3.Nc3 Bg7 4.e4 d6 5.Be2 O-O 6.Nf3 e5 7.dxe5 dxe5 8.Qxd8 Rxd8
9.Bg5 Re8 10.O-O-O c6 11.Nxe5 Na6 12.Rd6 Be6 13.Nf3 Ng4 14.Bh4 Nc5 15.Ng5 Bh6
16.Bxg4 Bxg4 17.Kc2 Bf8 18.Rf6 Be6 19.Rf3 Bxc4 20.b3 Be6 21.Re3 Bc8 22.h3 Bg7
23.Rhe1 h6 24.Nf3 a5 25.Bg3 b5 26.Bd6 Ne6 27.a4 b4 28.Nd5 cxd5 29.exd5 Nd4+
30.Nxd4 Rxe3 31.fxe3 Bxd4 32.exd4 Bf5+ 33.Kd2 Rd8 34.Bc5 Rxd5 35.Re8+ Kh7
36.g4 Be6 37.Ra8 h5 38.Rxa5 hxg4 39.hxg4 Rg5 40.Bxb4 Rxg4 41.d5 Bxd5 42.Rxd5 Rxb4
43.Rb5 Re4 44.Rb7 Kg7 45.a5 g5 46.a6 Re6 47.a7 Ra6 48.b4 g4 49.Ke3 Ra3+ 50.Kf2 Kg6
51.b5 f5 52.Rb6+  1-0

[Event "Corporation Centre Cup"]
[Site "Izhevsk RUS"]
[Date "2010.07.20"]
[Round "6"]
[White "Tunik,G"]
[Black "Amonatov,F"]
[Result "0-1"]
[WhiteElo "2469"]
[BlackElo "2608"]

1.d4 Nf6 2.c4 g6 3.Nc3 Bg7 4.e4 O-O 5.Nf3 d6 6.Be2 Nbd7 7.O-O e5 8.Re1 Re8
9.Bf1 a6 10.Rb1 exd4 11.Nxd4 c6 12.Nc2 Qc7 13.Bf4 Ne5 14.h3 Be6 15.b3 b5
16.Nd4 b4 17.Na4 c5 18.Nxe6 Rxe6 19.Bh2 Rae8 20.Rb2 Ned7 21.f3 Nh5 22.g4 Bxb2
23.Nxb2 Ng7 24.Nd3 g5 25.Qd2 h6 26.f4 Rxe4 27.Rxe4 Rxe4 28.fxg5 hxg5 29.Qxg5 Nf8
30.Nf2 Ne6 31.Qd2 Nd4 32.Qd3 Re1 33.Nd1 Qe7 34.Kf2 Re6 35.Bg3 Rf6+ 36.Kg1 Rf3  0-1

[Event "Heini Olsen Memorial"]
[Site "Klaksvik FAI"]
[Date "2010.07.20"]
[Round "1"]
[White "Sammalvuo,T"]
[Black "Ziska,H"]
[Result "1-0"]
[WhiteElo "2481"]
[BlackElo "2426"]

1.Nf3 Nf6 2.c4 g6 3.Nc3 Bg7 4.e4 d6 5.d4 O-O 6.Be2 e5 7.O-O Na6 8.Be3 Ng4
9.Bg5 Qe8 10.Re1 exd4 11.Nd5 f6 12.Bf4 Ne5 13.Nxd4 c6 14.Nc3 Qf7 15.b3 f5
16.exf5 Bxf5 17.Be3 Nc5 18.Nxf5 Qxf5 19.Rc1 Ncd3 20.Bxd3 Qxd3 21.Rc2 Qf5
22.f3 Rad8 23.Ne4 d5 24.Rd2 b6 25.Ng3 Qd7 26.cxd5 cxd5 27.Bg5 Rde8 28.Re4 d4
29.Rdxd4 Qc7 30.Rd5 Nf7 31.Rd7 Qc5+ 32.Be3 Qa5 33.Rxf7  1-0

[Event "2nd Open"]
[Site "Rethymno GRE"]
[Date "2010.07.20"]
[Round "9"]
[White "Gavasheli,A"]
[Black "Haugli,P"]
[Result "0-1"]
[WhiteElo "2168"]
[BlackElo "2301"]

1.d4 Nf6 2.c4 g6 3.Nc3 Bg7 4.e4 d6 5.Nf3 O-O 6.Be2 e5 7.dxe5 dxe5 8.Bg5 Nbd7
9.Qd2 c6 10.Rd1 Re8 11.O-O Qc7 12.b4 Nf8 13.Qd6 Qxd6 14.Rxd6 Ne6 15.b5 Bf8
16.Bxf6 Bxd6 17.Rd1 Bc7 18.bxc6 Nf4 19.cxb7 Nxe2+ 20.Nxe2 Bxb7 21.Rd7 Bd8
22.Rxb7 Bxf6 23.Nc3 Rab8 24.Rd7 Rbd8 25.Nd5 Kg7 26.Rb7 Rb8 27.Rb3 a5 28.g3 Rec8
29.Nd2 a4 30.Rd3 Rb2 31.a3 Bd8 32.Ne3 Bg5 33.Kf1 Rd8 34.Ke2 Rxd3 35.Kxd3 Bxe3
36.fxe3 Ra2 37.Nb1 Rxh2 38.c5 Kf8 39.Kc4 Ke7 40.Nc3 Rc2 41.Kb4 Rxc3 42.Kxc3 h5
43.Kc4 g5 44.c6 Kd6  0-1

[Event "XIV Battle Of Senta"]
[Site "Senta SRB"]
[Date "2010.07.20"]
[Round "5"]
[White "Kryakvin,D"]
[Black "Balla,Ta"]
[Result "1-0"]
[WhiteElo "2603"]
[BlackElo "2373"]

1.d4 Nf6 2.Nf3 g6 3.c4 Bg7 4.Nc3 O-O 5.e4 d6 6.Be2 Nbd7 7.O-O e5 8.d5 Nc5
9.Qc2 a5 10.Bg5 h6 11.Be3 b6 12.Ne1 Ng4 13.Bxg4 Bxg4 14.Qd2 Kh7 15.f4 exf4
16.Rxf4 Bd7 17.Bd4 f5 18.exf5 Bxf5 19.Nf3 Bd3 20.Re1 Rxf4 21.Qxf4 Qd7 22.Qe3 Bxd4
23.Nxd4 Bxc4 24.Nc6 Rf8 25.h3 b5 26.Nxa5 Nd3 27.Re2 Ne5 28.Nxc4 bxc4 29.Rf2 Rf5
30.a4 c6 31.Rxf5 gxf5 32.dxc6 Qxc6 33.a5 Qb7 34.Qb6 Qg7 35.Qxd6 Qg3 36.Qc7+ Kg6
37.Qb6+  1-0

[Event "Heini Olsen Memorial"]
[Site "Klaksvik FAI"]
[Date "2010.07.21"]
[Round "3"]
[White "Jones,G"]
[Black "Bekker Jensen,S"]
[Result "1/2-1/2"]
[WhiteElo "2568"]
[BlackElo "2425"]

1.d4 Nf6 2.c4 g6 3.Nc3 Bg7 4.e4 d6 5.Nf3 O-O 6.Be2 e5 7.O-O Na6 8.Be3 c6
9.Qd2 Ng4 10.Bg5 Qe8 11.dxe5 dxe5 12.h3 Nf6 13.Be3 Qe7 14.a3 Nc5 15.Qc2 Nh5
16.b4 Ne6 17.Rfd1 f5 18.c5 f4 19.Bc1 Nd4 20.Bc4+ Kh8 21.Qd3 g5 22.Ne2 Nxf3+
23.Qxf3 Nf6 24.Qd3 Nxe4 25.Qxe4 Bf5 26.Nc3 Bxe4 27.Nxe4 a5 28.bxa5 Rxa5 29.Bd2 Ra4
30.Bb4 Rfa8 31.Bb3 R4a7 32.Rd6 Rd8 33.Rad1 Raa8 34.Ba5 Rf8 35.Bb4 Rfd8 36.Ba5 Rf8
37.Bb4 Rfd8  1/2-1/2

[Event "Sparkassen Open A"]
[Site "Dortmund GER"]
[Date "2010.07.22"]
[Round "6"]
[White "Kuempers,U"]
[Black "Beer,M"]
[Result "1-0"]
[WhiteElo "2091"]
[BlackElo "2024"]

1.d4 d6 2.Nf3 Nf6 3.c4 g6 4.Nc3 Bg7 5.e4 O-O 6.Be2 e5 7.Be3 Nbd7 8.dxe5 dxe5
9.O-O c6 10.Nd2 Qe7 11.Qc2 Nc5 12.Nb3 Nxb3 13.axb3 a6 14.Na4 Nd7 15.Rfd1 Re8
16.Rd2 Bf8 17.Rad1 b5 18.Nb6 Nxb6 19.Bxb6 Be6 20.c5 f6 21.b4 Qf7 22.Rd3 Be7
23.R1d2 Kg7 24.Qc3 Rec8 25.Bd1 Kf8 26.h3 Ke8 27.Bg4 Bd8 28.Rd6 Bxg4 29.hxg4 Be7
30.Rxc6 Bd8 31.Rxc8 Rxc8 32.Bxd8 Rxd8 33.Rxd8+ Kxd8 34.Qd3+ Qd7 35.Qd5 Kc7
36.f3 g5 37.Kf2 h6 38.Qa8 Qe6 39.Qd5 Qe7 40.Ke3 Qd7 41.Ke2 Qe7 42.Kd1 Qd8
43.Kc2 Qd7 44.Kc1 Qd8 45.Qf7+ Kc6 46.Kc2 Qd4 47.Qxf6+ Kd7 48.Qf7+ Kc8 49.Qe6+ Kc7
50.Qb6+ Kc8 51.Qxa6+ Kc7 52.Qxb5 Qf2+ 53.Kb1  1-0

[Event "XIV Battle Of Senta"]
[Site "Senta SRB"]
[Date "2010.07.22"]
[Round "7"]
[White "Nestorovic,De"]
[Black "Farkas,Ti"]
[Result "1/2-1/2"]
[WhiteElo "2423"]
[BlackElo "2246"]

1.d4 Nf6 2.c4 g6 3.Nc3 Bg7 4.e4 d6 5.Nf3 O-O 6.Be2 Na6 7.O-O e5 8.Re1 c6
9.Bf1 exd4 10.Nxd4 Ng4 11.h3 Qb6 12.hxg4 Qxd4 13.g5 Qxd1 14.Rxd1 Nc5 15.f3 Be5
16.Be3 f5 17.gxf6 Rxf6 18.Rd2 Be6 19.Rc1 Bf7 20.Bg5 Re6 21.b4 Na6 22.a3 Kg7
23.Ne2 Nc7 24.g3 h6 25.Be3 Ne8 26.c5 dxc5 27.Bxc5 Nf6 28.Bg2 Ree8 29.f4 Bc7
30.e5 Nd5 31.Nc3 Nxc3 32.Rxc3 Red8 33.Rcd3 Rxd3 34.Rxd3 Be6 35.a4 a6 36.a5 Rd8
37.Rxd8 Bxd8 38.Kf2 h5 39.Ke3 h4 40.gxh4 Bxh4 41.Bf1 Kf7 42.Kf3 Kg7 43.Bd3 Kf7
44.Kg2 Kg7 45.Kh2 Kf7 46.Be4 Kg7  1/2-1/2

[Event "XXXVI Open"]
[Site "Sitges ESP"]
[Date "2010.07.22"]
[Round "1"]
[White "Gonzalez Garcia,J2"]
[Black "Vives Bellber,Tomas"]
[Result "1-0"]
[WhiteElo "2508"]
[BlackElo "1961"]

1.Nf3 Nf6 2.c4 g6 3.Nc3 Bg7 4.e4 d6 5.d4 O-O 6.Be2 e5 7.Be3 Nc6 8.d5 Ne7
9.Nd2 Ne8 10.b4 f5 11.f3 a5 12.bxa5 Rxa5 13.a4 b6 14.Nb3 Ra8 15.a5 bxa5 16.c5 a4
17.Nd2 a3 18.Qb3 Kh8 19.cxd6 Nxd6 20.O-O Ng8 21.Rxa3 Rxa3 22.Qxa3 fxe4 23.Ndxe4 Nf5
24.Bg5 Qe8 25.Nb5 Rf7 26.Rc1 Nd4 27.Nxd4 exd4 28.d6 c6 29.Qa8 Bd7 30.Qxe8 Bxe8
31.Rb1 h6 32.Rb8 Bd7 33.Be7 Kh7 34.Bc4  1-0

[Event "Heini Olsen Memorial"]
[Site "Klaksvik FAI"]
[Date "2010.07.23"]
[Round "5"]
[White "Lund,E"]
[Black "Ziska,H"]
[Result "0-1"]
[WhiteElo "2408"]
[BlackElo "2426"]

1.d4 Nf6 2.c4 g6 3.Nc3 Bg7 4.e4 d6 5.Be2 O-O 6.Nf3 e5 7.O-O Na6 8.Be3 Ng4
9.Bg5 Qe8 10.dxe5 dxe5 11.h3 f6 12.Bd2 Nh6 13.Be3 c6 14.c5 f5 15.Bxh6 Bxh6
16.Qd6 Bg7 17.Bc4+ Kh8 18.Rad1 Bf6 19.Rfe1 f4 20.Ne2 g5 21.Nh2 h5 22.Nf3 Kg7
23.h4 gxh4 24.Kh2 Bg4 25.Bxa6 bxa6 26.Nc3 h3 27.Rd3 hxg2 28.Kxg2 Rf7 29.Nh2 Rd8  0-1

[Event "Andorra Open"]
[Site "La Massana AND"]
[Date "2010.07.23"]
[Round "7"]
[White "Demuth,A"]
[Black "Spraggett,K"]
[Result "1/2-1/2"]
[WhiteElo "2394"]
[BlackElo "2575"]

1.d4 Nf6 2.c4 g6 3.Nc3 Bg7 4.e4 d6 5.Nf3 O-O 6.Be2 Na6 7.O-O e5 8.Re1 c6
9.Bf1 Bg4 10.Be3 Nh5 11.d5 c5 12.h3 Bd7 13.g3 Kh8 14.Kh2 Nf6 15.Qd2 Ng8 16.Ng1 b6
17.Bg2 Nc7 18.f4 f6 19.Nf3 Rb8 20.Rab1 Qe7 21.a3 Rbd8 22.b4 Bc8 23.fxe5 fxe5
24.b5 Ne8 25.Qf2 h6 26.Qg1  1/2-1/2

[Event "3rd Open"]
[Site "Paleochora GRE"]
[Date "2010.07.23"]
[Round "3"]
[White "Volkov,Sergey1"]
[Black "Markidis,K"]
[Result "1-0"]
[WhiteElo "2597"]
[BlackElo "2342"]

1.d4 Nf6 2.c4 g6 3.Nc3 Bg7 4.e4 d6 5.Be2 O-O 6.Nf3 e5 7.Be3 c6 8.d5 Ng4 9.Bg5 f6
10.Bh4 Na6 11.Nd2 Nh6 12.a3 c5 13.f3 Nf7 14.Bd3 Bh6 15.Qe2 Qe7 16.Rb1 Bd7
17.Nf1 Kg7 18.Ne3 Bg5 19.Bf2 h5 20.h4 Bh6 21.g4 hxg4 22.fxg4 Rh8 23.Kd2 Nc7
24.Kc2 a6 25.g5 fxg5 26.h5 gxh5 27.Qxh5 g4 28.Nf5+ Bxf5 29.exf5 Qg5 30.f6+ Qxf6
31.Qxg4+ Kf8 32.Ne4 Qd8 33.Rbg1 Ne8 34.Bh4 Qc7 35.Nf6  1-0

[Event "Heini Olsen Memorial"]
[Site "Klaksvik FAI"]
[Date "2010.07.24"]
[Round "6"]
[White "Sammalvuo,T"]
[Black "Jones,G"]
[Result "0-1"]
[WhiteElo "2481"]
[BlackElo "2568"]

1.Nf3 Nf6 2.c4 g6 3.Nc3 Bg7 4.e4 d6 5.d4 O-O 6.Be2 e5 7.O-O Nbd7 8.Be3 c6
9.d5 c5 10.Ne1 Kh8 11.Nd3 Ng8 12.Nb5 Qe7 13.b4 b6 14.bxc5 Nxc5 15.Nc3 f5
16.a4 Nf6 17.Nxc5 bxc5 18.Rb1 f4 19.Bd2 g5 20.g4 h5 21.h3 Nh7 22.Kg2 Rf6
23.gxh5 Qf7 24.Bg4 f3+ 25.Kh2 Bxg4 26.hxg4 Rf8 27.Rg1 Rh6 28.Rg3 Nf6 29.Qxf3 Nxh5
30.Qxf7 Nxg3+ 31.Kxg3 Rxf7 32.Bxg5 Rg6 33.Be3 Kg8 34.Rb8+ Kh7 35.Nd1 Rgf6
36.g5 Rg6 37.a5 Bh6 38.Kg4 Rfg7 39.f4 exf4 40.Bxf4 Bxg5 41.Ne3 Bd8+ 42.Kf3 Bxa5
43.Nf5 Rf7 44.Ke3 Bc3 45.Rb3 Bd4+ 46.Kf3 a5 47.Ra3 Rb7 48.Nxd4 cxd4 49.e5 dxe5
50.Bxe5 Rf7+ 51.Ke2 Re7 52.Kd3 Rxe5 53.Kxd4 Re8 54.Rxa5 Rg4+ 55.Kd3 Kg6 56.c5 Kf6
57.c6 Ke5  0-1

[Event "Andorra Open"]
[Site "La Massana AND"]
[Date "2010.07.24"]
[Round "8"]
[White "Moreno Ruiz,J"]
[Black "Benitah,Y"]
[Result "1/2-1/2"]
[WhiteElo "2494"]
[BlackElo "2382"]

1.d4 Nf6 2.c4 g6 3.Nc3 Bg7 4.e4 d6 5.Nf3 O-O 6.Be2 e5 7.Be3 exd4 8.Nxd4 Re8
9.f3 Nc6 10.O-O Nh5 11.Qd2 Nxd4 12.Bxd4 Bxd4+ 13.Qxd4 Nf4 14.Rf2 c6 15.Rd1 Qg5
16.Kh1 Be6 17.Bf1 Red8 18.Rfd2 Nh5 19.Qf2 Qe7 20.Rd4 Rd7 21.f4 f5 22.Re1 Qf7
23.exf5 Bxf5 24.h3 c5 25.Rd2 Be6 26.Ne4 Qf8 27.Qh4 Rf7 28.g3 Re8 29.Kg1 Bf5
30.Rde2 Rxe4 31.Rxe4 Bxe4 32.Rxe4 Kg7 33.Bg2 Nf6 34.Re6 Re7 35.f5 Rxe6 36.fxe6 Qe7
37.Bd5 b5  1/2-1/2

[Event "3rd Open"]
[Site "Paleochora GRE"]
[Date "2010.07.24"]
[Round "4"]
[White "Smirnov,Arte"]
[Black "Kalogiannidis,I"]
[Result "1-0"]
[WhiteElo "2446"]
[BlackElo "2038"]

1.d4 Nf6 2.c4 g6 3.Nc3 Bg7 4.e4 d6 5.Nf3 O-O 6.Be2 e5 7.O-O Nbd7 8.Be3 exd4
9.Nxd4 Nc5 10.Qc2 Re8 11.f3 Ne6 12.Nb3 c6 13.Rad1 Qc7 14.f4 Nd7 15.Bf3 Nec5
16.Nxc5 Nxc5 17.e5 Bf8 18.Bxc5 dxc5 19.Ne4 Be7 20.g4 Be6 21.Nd6 Bxd6 22.exd6 Qd7
23.h3 f5 24.g5 Qf7 25.b3 Bd7 26.Qf2 b6 27.Rfe1 Rxe1+ 28.Rxe1 Re8 29.Re5 Re6
30.Qd2 Qe8 31.Qe3 Kf7 32.b4 Rxe5 33.fxe5 cxb4 34.c5 bxc5 35.Qxc5 Qd8 36.Bxc6 Qxg5+
37.Bg2 Qd2 38.Qd5+ Qxd5 39.Bxd5+ Ke8 40.Bg8 h6 41.e6 Bxe6 42.Bxe6 a5 43.h4 f4
44.h5 gxh5 45.Kg2 a4 46.Kf3 b3 47.a3 b2 48.Bf5 b1=Q 49.Bxb1 Kd7 50.Bc2 Kxd6
51.Kxf4  1-0

[Event "XIV Battle Of Senta"]
[Site "Senta SRB"]
[Date "2010.07.24"]
[Round "9"]
[White "Srebrnic,V"]
[Black "Manojlovic,Sa"]
[Result "1-0"]
[WhiteElo "2201"]
[BlackElo "2124"]

1.Nf3 Nf6 2.c4 g6 3.Nc3 Bg7 4.e4 d6 5.d4 O-O 6.Be2 Nbd7 7.O-O e5 8.Be3 c6
9.h3 Qe7 10.d5 c5 11.Ne1 Ne8 12.Nd3 f5 13.exf5 gxf5 14.f4 e4 15.Nf2 Qh4 16.Kh2 Kh8
17.g3 Qe7 18.Qd2 Ndf6 19.a3 Rg8 20.b4 b6 21.Rab1 Bf8 22.Rg1 h5 23.h4 Ng4+
24.Nxg4 hxg4 25.Rgc1 Bg7 26.Kg2 Kh7 27.Bd1 Kg6 28.Ba4 a6 29.Bc6 Ra7 30.Na4 Qd8
31.Nxb6 Qxb6 32.bxc5 Qd8 33.cxd6 Rf7 34.c5 Rh8 35.Rb8 Nf6 36.Qb4 a5 37.Qb6 Qg8
38.d7 Nxd7 39.Bxd7+ Bf6 40.Rxc8 Rf8 41.Rxf8 Qxf8 42.Bd4  1-0

[Event "XIX ch-Macedonia Open"]
[Site "Struga MKD"]
[Date "2010.07.24"]
[Round "9"]
[White "Vasovski,N"]
[Black "Ruzicic,S"]
[Result "1-0"]
[WhiteElo "2312"]
[BlackElo "2020"]

1.Nf3 Nf6 2.c4 g6 3.Nc3 Bg7 4.e4 d6 5.d4 O-O 6.Be2 e5 7.Be3 Nc6 8.d5 Ne7
9.Nd2 Nd7 10.g4 f5 11.gxf5 gxf5 12.Bg5 Nf6 13.Rg1 Kh8 14.Qc2 f4 15.O-O-O Bd7
16.Kb1 Rg8 17.f3 c6 18.c5 dxc5 19.Nc4 cxd5 20.Nxe5 Qe8 21.Bb5 a6 22.Bxf6 axb5
23.Rxg7 Rxg7 24.Nxd7 Qxd7 25.Nxd5 Nxd5 26.Rxd5 Qf7 27.Qc3 b6 28.Bxg7+ Qxg7
29.Qxg7+ Kxg7 30.Rg5+ Kf6 31.Rf5+ Ke6 32.Rxf4 Ke5 33.Rf7 Kd4 34.a3 b4 35.axb4 cxb4
36.Kc2 Kc4 37.Rc7+ Kb5 38.Rxh7 Rc8+ 39.Kb3 Rf8 40.Rh5+ Kc6 41.Rf5 Rh8 42.Kxb4 Rxh2
43.Rf6+ Kb7 44.b3 Ka6 45.e5 Re2 46.e6 Re5 47.f4 Re4+ 48.Kc3 Kb5 49.Rf5+ Kc6
50.Re5 Rxf4 51.e7 Kd6 52.e8=Q  1-0

[Event "ch-AUT"]
[Site "Vienna AUT"]
[Date "2010.07.24"]
[Round "1"]
[White "Moritz,C"]
[Black "Alvir,A"]
[Result "1-0"]
[WhiteElo "2170"]
[BlackElo "2369"]

1.d4 Nf6 2.Nf3 g6 3.c4 Bg7 4.Nc3 O-O 5.e4 d6 6.Be2 Na6 7.O-O e5 8.d5 Nc5
9.Nd2 a5 10.b3 Bh6 11.Qc2 Bd7 12.Re1 c6 13.Nf1 Bxc1 14.Raxc1 Qb6 15.Qb1 cxd5
16.cxd5 Qb4 17.Nd2 a4 18.bxa4 Qxb1 19.Rxb1 Bxa4 20.f3 Rfd8 21.Rec1 Ne8 22.Nc4 b5
23.Nxa4 Nxa4 24.Rxb5 Rdc8 25.Rc2 Kf8 26.Bd3 Ra7 27.Ra5 Rca8 28.Rxa7 Rxa7
29.Nd2 Nc5 30.Bb5 Nc7 31.Bc6 f5 32.exf5 gxf5 33.Nc4 Ke7 34.a4 Nd3 35.Nb6 Kd8
36.Rc4 Ra6 37.a5 Rxa5 38.g4 Ra1+ 39.Kg2 f4 40.Ra4 Rc1 41.Rc4 Rb1 42.Na4 Ra1
43.Rc3 Ra2+ 44.Kg1 Ra1+ 45.Kg2 Ne1+ 46.Kf2 Na6 47.Bb5 Nb4 48.Nb6 Nec2 49.Rc8+ Ke7
50.g5 Nd4 51.Rc7+ Kf8 52.Nd7+ Ke7 53.Nc5+ Kd8 54.Ne6+ Nxe6 55.Rd7+ Ke8 56.dxe6 Ra5
57.Rb7+ Rxb5 58.Rxb5 Nd3+ 59.Ke2 Nc5 60.Rb8+ Ke7 61.Rh8 Kxe6 62.Rxh7 d5 63.h4 e4
64.Rc7 Nb3 65.fxe4 Nd4+ 66.Kd3 Nf3 67.g6 Ne5+ 68.Ke2 Nxg6 69.Rc6+ Kf7 70.Rxg6  1-0

[Event "Tch-POR 1st Div Final"]
[Site "Vila Nova de Gaia POR"]
[Date "2010.07.24"]
[Round "1.1"]
[White "Ftacnik,L"]
[Black "Sousa,Ri"]
[Result "1-0"]
[WhiteElo "2551"]
[BlackElo "2112"]

1.Nf3 Nf6 2.c4 g6 3.Nc3 Bg7 4.e4 d6 5.d4 O-O 6.Be2 Nbd7 7.O-O e5 8.Qc2 h6
9.Rd1 exd4 10.Nxd4 Re8 11.Be3 c6 12.f3 Qc7 13.Qd2 Kh7 14.Rac1 b6 15.b4 Bb7
16.b5 c5 17.Nc6 Bf8 18.Bf4 Bxc6 19.bxc6 Qxc6 20.Bxd6 Rad8 21.Bf4 Ne5 22.Qb2 Rxd1+
23.Rxd1 Bg7 24.Qa3 Qc7 25.Nb5 Qb8 26.Nd6 Nh5 27.Bc1 Rd8 28.Nb5 Rxd1+ 29.Bxd1 Nxc4
30.Qxa7 Bd4+ 31.Kh1 Ng3+ 32.hxg3 Qxg3 33.Qxf7+ Kh8 34.Qf8+ Kh7 35.Qxh6+ Kg8
36.Nxd4  1-0

[Event "Tch-POR 1st Div Final"]
[Site "Vila Nova de Gaia POR"]
[Date "2010.07.24"]
[Round "1.1"]
[White "Buhmann,R"]
[Black "Cabezas Ayala,I"]
[Result "1/2-1/2"]
[WhiteElo "2573"]
[BlackElo "2355"]

1.Nf3 Nf6 2.c4 g6 3.Nc3 Bg7 4.e4 d6 5.d4 O-O 6.Be2 Na6 7.O-O e5 8.Re1 c6
9.Be3 Ng4 10.Bg5 Qe8 11.h3 h6 12.hxg4 hxg5 13.dxe5 dxe5 14.Nxg5 Qe7 15.Nh3 Nc5
16.Qc1 a5 17.Qg5 Qxg5 18.Nxg5 Bh6 19.Nf3 f6 20.Nh4 Bd2 21.Red1 Bxc3 22.bxc3 g5
23.Nf5 Bxf5 24.exf5 Rfd8 25.f3 Kf7 26.Kf2 Rxd1 27.Rxd1 Rh8 28.Ke3 Ke7 29.Rg1 Rh2
30.Bd1 Kf7 31.Bc2 Ke7 32.Kf2 Kf7 33.Re1 Rh8 34.Kg1 Re8 35.Re2 Ra8 36.Re1 Rd8  1/2-1/2

[Event "ch-AUT"]
[Site "Vienna AUT"]
[Date "2010.07.25"]
[Round "2"]
[White "Titz,Hei"]
[Black "Neumeier,K"]
[Result "0-1"]
[WhiteElo "2243"]
[BlackElo "2380"]

1.c4 g6 2.e4 Bg7 3.d4 d6 4.Nc3 Nf6 5.Nf3 O-O 6.Be2 Na6 7.O-O e5 8.Be3 Ng4
9.Bg5 Qe8 10.dxe5 dxe5 11.h3 f6 12.Bd2 Nh6 13.Qc2 c6 14.Rad1 Nf7 15.Be3 Qe7
16.a3 Nc5 17.Rfe1 Ne6 18.b4 f5 19.exf5 gxf5 20.Bf1 Qf6 21.b5 f4 22.Bc1 Nc5
23.Bd3 Nxd3 24.Qxd3 Bf5 25.Ne4 Qh6 26.Bb2 Rad8 27.Qe2 Bxe4 28.Qxe4 Nd6 29.Qe2 e4
30.Bxg7 Qxg7 31.Nd4 f3 32.Qf1 Rde8 33.bxc6 bxc6 34.c5 Nf5 35.Nxf5 Rxf5 36.Qc4+ Kh8
37.Qd4 Rfe5 38.g3 Rd5 39.Qxg7+ Kxg7 40.Rxd5 cxd5 41.Rd1 Rd8 42.c6 Kf6 43.c7 Rc8
44.Rxd5 Rxc7 45.g4 Ke6 46.Ra5 Rc1+ 47.Kh2 e3 48.Ra6+ Kd5 49.Ra5+ Ke4 50.Ra4+ Kd3  0-1

[Event "COQ Inv"]
[Site "Montreal CAN"]
[Date "2010.07.26"]
[Round "4"]
[White "Cornette,M"]
[Black "Sambuev,B"]
[Result "1/2-1/2"]
[WhiteElo "2543"]
[BlackElo "2478"]

1.d4 Nf6 2.c4 g6 3.Nc3 Bg7 4.e4 O-O 5.Nf3 d6 6.Be2 e5 7.Be3 Ng4 8.Bg5 f6
9.Bh4 g5 10.Bg3 Nh6 11.c5 g4 12.Nh4 Nc6 13.cxd6 cxd6 14.dxe5 fxe5 15.O-O Nd4
16.Bc4+ Kh8 17.Ne2 Nxe2+ 18.Qxe2 Bf6 19.Rad1 Bxh4 20.Bxe5+ dxe5 21.Rxd8 Bxd8
22.Qd2 Kg7 23.Rc1 Bf6 24.Bd5 Rd8 25.Rc7+ Kg6 26.f4 exf4 27.Qxf4 Rxd5 28.exd5 Bf5
29.d6 Re8 30.d7 Re4 31.Qd6 Nf7 32.Qd5 Nd8 33.Rc8 Re6 34.Rc5 Kg7 35.Qd1 Bg6
36.Rd5 Re4 37.Qd2 h6 38.Rd6 Be5 39.Rd5 Bf6 40.a3 Bf7 41.Rd6 Bg5 42.Qc3+ Kg8
43.Rd1 a6 44.Kh1 Re7 45.Qa5 Re4 46.Qf5 Rf4 47.Qe5 Be6 48.Kg1 Rf7 49.h3 gxh3
50.gxh3 Bxh3 51.Qe8+ Kg7 52.Rd5 Bf6 53.Rd3 Bg4 54.Rd6 Be7 55.Rd5 Bf6 56.Rd6 Bg5
57.Rd5 Rf5 58.Rd6 Bh5 59.Qe4 Bg6 60.Qe2 Nf7 61.Rd1 Bd8 62.Rf1 Rg5+ 63.Kh1 Ne5
64.Qe3 Ng4 65.Qd4+ Kg8 66.Re1 Nf6 67.Re8+ Nxe8 68.dxe8=Q+ Bxe8 69.Qxd8 Re5
70.Qb8 Re7 71.Kg2 Kh7 72.Kg3 Bc6 73.Qd6 Rg7+ 74.Kh4 Rg2 75.Qe7+ Rg7 76.Qd6 Rd7
77.Qf6 Rd5  1/2-1/2

[Event "3rd Open"]
[Site "Paleochora GRE"]
[Date "2010.07.26"]
[Round "6"]
[White "D'Costa,L"]
[Black "Banikas,H"]
[Result "0-1"]
[WhiteElo "2456"]
[BlackElo "2591"]

1.d4 Nf6 2.c4 g6 3.Nc3 Bg7 4.e4 d6 5.Nf3 O-O 6.Be2 e5 7.O-O Na6 8.Re1 Qe8
9.Bf1 Bg4 10.d5 Nb4 11.Be2 a5 12.b3 Na6 13.h3 Bd7 14.Nd2 Bh6 15.Rb1 Nc5 16.Qc2 Nh5
17.Nb5 Rc8 18.Na7 Rd8 19.Nb5 Nf4 20.Bf1 Qe7 21.a3 f5 22.Nc3 Nh5 23.exf5 Bxf5
24.Nde4 Bxc1 25.Qxc1 Nxe4 26.Nxe4 Nf4 27.Qe3 c6 28.Rbd1 cxd5 29.cxd5 Rc8
30.Qd2 b6 31.Kh2 Kh8 32.Nc3 Qf7 33.Re3 g5 34.Rg3 Qg6 35.b4 axb4 36.axb4 g4
37.hxg4 Bxg4 38.f3 Qh6+ 39.Kg1 Bf5 40.Ne4 Bxe4 41.fxe4 Rg8 42.Rf3 Nh3+ 43.Kh1 Ng5+
44.Rh3 Qg6 45.Rg3 Qh5+ 46.Kg1 Nf3+ 47.Rxf3 Qxf3  0-1

[Event "21st Czech GM Open"]
[Site "Pardubice CZE"]
[Date "2010.07.26"]
[Round "4"]
[White "Ortmann,D"]
[Black "Tomazini,Z"]
[Result "0-1"]
[WhiteElo "2340"]
[BlackElo "2188"]

1.Nf3 Nf6 2.c4 g6 3.Nc3 Bg7 4.e4 d6 5.d4 O-O 6.Be2 e5 7.O-O Na6 8.Re1 Qe8
9.Bg5 h6 10.Bxf6 Bxf6 11.c5 exd4 12.Nd5 Bd8 13.Bxa6 bxa6 14.cxd6 cxd6 15.Qxd4 Bg4
16.Re3 Qb5 17.Rc1 Be6 18.Rb3 Qa5 19.Rd3 Bb6 20.Qf6 Bxd5 21.exd5 Rac8 22.Rcd1 Rfe8
23.h4 Qb4 24.h5 Bd8 25.Qd4 Rc4 26.Qxa7 Bb6 27.Qd7 Rd8 28.Qe7 Qxb2 29.Nd4 Rf8
30.R3d2 Qb4 31.hxg6 Bxd4 32.Qh4 Bg7 33.Qh5 Rh4 34.Qe2 fxg6 35.Qxa6 Be5 36.Qd3 Qg4
37.Rb1 Rh2 38.g3 Qh5 39.Qe4 Rh3 40.Rb7 Qg5 41.Rc2 Kh8 42.a4 Bxg3 43.Kf1 Rh2
44.Qf3 Rxf2+ 45.Rxf2 Rxf3 46.Rxf3 Qc1+ 47.Kg2 Bf4 48.a5 Qd2+ 49.Kf1 g5 50.a6 Qd1+
51.Kf2 Qd4+ 52.Ke1 Qe4+ 53.Kf2 g4 54.Rfb3 g3+ 55.Kf1 g2+ 56.Kf2 Be3+ 57.Rxe3 g1=Q+
58.Kxg1 Qxe3+ 59.Kh2 Qe2+ 60.Kg3 Qxa6 61.Rd7 Qd3+ 62.Kf4 Qxd5  0-1

[Event "TCh-CHN"]
[Site "Shanghai CHN"]
[Date "2010.07.26"]
[Round "9"]
[White "Guo Qi"]
[Black "Zhang Xiaowen"]
[Result "0-1"]
[WhiteElo "2143"]
[BlackElo "2437"]

1.d4 Nf6 2.c4 g6 3.Nc3 Bg7 4.e4 d6 5.Nf3 O-O 6.Be2 e5 7.Be3 Ng4 8.Bg5 f6
9.Bh4 Nd7 10.h3 Nh6 11.O-O c6 12.c5 exd4 13.Nxd4 Nxc5 14.b4 Ne6 15.Bc4 Re8
16.Qb3 d5 17.Nxd5 cxd5 18.Bxd5 Qb6 19.Rad1 Kh8 20.Ne2 Nc7 21.Nc3 Nxd5 22.exd5 Nf5
23.Na4 Qd6 24.Bg3 Nxg3 25.fxg3 Bd7 26.Nb2 b5 27.Rf3 Bf5 28.g4 Be4 29.Rc3 Qb6+
30.Rc5 Bf8 31.Qc3 Bxc5+ 32.bxc5 Rec8 33.Rc1 Qc7 34.d6 Qg7 35.a4 bxa4 36.Qb4 f5
37.Nxa4 Rab8 38.Qc4 Bc6 39.Nc3 Rb2 40.Nd5 Qe5 41.Ne7 Qe3+  0-1